000 00313nam a2200133Ia 4500
008 220204s9999 xx 000 0 und d
082 _a581
_bBOL
100 _aBOLD, HAAROLD C
245 0 _aPlant kingdom
250 _aEd.2
260 _aNew Delhi
_bPrentice Hall
_c1968
650 _aPlant taxonomy
942 _cBK
999 _c21063
_d21063